| Tag |
First Indicator |
Second Indicator |
Subfields |
| LEADER |
00000cam a22000001a 4500 |
| 001 |
in00004101708 |
| 005 |
20200117091709.0 |
| 006 |
m d f |
| 007 |
cr bn mmmapmmp |
| 008 |
100920s2010 dcua ob f000 0 eng d |
| 035 |
|
|
|a chdc201000325
|
| 040 |
|
|
|a UMI
|c UMI
|d UtOrBLW
|
| 042 |
|
|
|a pcc
|
| 043 |
|
|
|a n-us---
|
| 074 |
|
|
|a 1013-C
|
| 086 |
0 |
|
|a Y 4.F 49/20:111-101
|
| 088 |
|
|
|a Serial no. 111-101 (United States. Congress. House. Committee on Financial Services)
|
| 110 |
1 |
|
|a United States.
|b Congress.
|b House.
|b Committee on Financial Services.
|0 http://id.loc.gov/authorities/names/no2001042084
|
| 245 |
1 |
0 |
|a Prospects for employment growth :
|b is additional stimulus needed? : hearing before the Committee on Financial Services, U.S. House of Representatives, One Hundred Eleventh Congress, second session, February 23, 2010.
|
| 264 |
|
1 |
|a Washington :
|b U.S. G.P.O.,
|c 2010.
|
| 264 |
|
2 |
|a Washington :
|b For sale by the Supt. of Docs., U.S. G.P.O.
|
| 300 |
|
|
|a iii, 127 pages :
|b illustrations, digital, PDF file.
|
| 336 |
|
|
|a text
|b txt
|2 rdacontent
|
| 337 |
|
|
|a computer
|b c
|2 rdamedia
|
| 338 |
|
|
|a online resource
|b cr
|2 rdacarrier
|
| 500 |
|
|
|a Shipping list number: 2010-0364-P.
|
| 504 |
|
|
|a Includes bibliographical references.
|
| 500 |
|
|
|a "Serial number 111-101."
|
| 500 |
|
|
|a Record is based on bibliographic data in ProQuest Congressional Hearings Digital Collection. Reuse except for individual research requires license from ProQuest, LLC.
|
| 500 |
|
|
|a Electronic resource.
|
| 533 |
|
|
|a Electronic reproduction.
|b [Bethesda, Md.] :
|c ProQuest,
|d 2010.
|e digital, PDF file.
|n ProQuest U.S. Congressional Hearings Digital Collection.
|n Mode of access: World Wide Web via ProQuest website.
|
| 538 |
|
|
|a System requirements: PDF reader software.
|
| 650 |
|
0 |
|a Employment forecasting
|z United States.
|0 http://id.loc.gov/authorities/subjects/sh2008103027
|
| 650 |
|
0 |
|a Job creation
|z United States.
|0 http://id.loc.gov/authorities/subjects/sh2008106158
|
| 650 |
|
0 |
|a Federal aid
|z United States.
|
| 776 |
0 |
8 |
|i Print version:
|a United States. Congress. House. Committee on Financial Services.
|t Prospects for employment growth
|w 9780160862663
|w 0160862663
|w (OCoLC)ocn657333456
|z 2010443461
|
| 776 |
0 |
8 |
|i Microfiche version:
|a United States. Congress. House. Committee on Financial Services.
|t Prospects for employment growth
|d [Bethesda, Md.] : ProQuest,[2010]
|o CIS 2010 H371-83
|w (ProQuest)cis01000737
|
| 856 |
4 |
0 |
|u http://proxy.library.tamu.edu/login?url=http://search.proquest.com/congcomp/getdoc?HEARING-ID=HRG-2010-HFS-0007
|y Electronic resource (PDF)
|t 0
|
| 998 |
|
|
|a cis01000737
|
| 999 |
f |
f |
|s 12118439-0ed5-3753-b0aa-25703556b6d3
|i d144792b-75aa-33c6-8301-98eeba7d612e
|t 0
|
| 952 |
f |
f |
|a Texas A&M University
|b College Station
|c Electronic Resources
|d Available Online
|t 0
|e Y 4.F 49/20:111-101
|h Superintendent of Documents classification
|
| 998 |
f |
f |
|a Y 4.F 49/20:111-101
|t 0
|l Available Online
|